Mercado de capitales

שמור ב:
מידע ביבליוגרפי
מחבר ראשי: Martínez Abascal, Eduardo (autor)
פורמט: ספר
שפה:ספרדית
יצא לאור: Barcelona Folio 1997
סדרה:Biblioteca IESE de Gestión de Empresas
נושאים:
תגים: הוספת תג
אין תגיות, היה/י הראשונ/ה לתייג את הרשומה!

MARC

LEADER 00000nam a2200000 a 4500
001 UCP3107
003 CL-VaPUC
008 990611e19970000SP |||||||||||||||||spa|d
082 0 4 |a 332.6  |b MAR  |2 21 
100 |a Martínez Abascal, Eduardo  |e autor  |9 330056 
245 1 0 |a Mercado de capitales 
300 |a 109 p 
942 |c BK 
945 |d 19990611 00:00:00  |a rbrito 
260 |a Barcelona  |b Folio  |c 1997 
650 7 |a MERCADO CAPITALES  |2 CL-VaPUC  |9 430219 
650 7 |a DEUDA  |2 CL-VaPUC  |9 375786 
650 0 |a Bolsa de valores  |9 329250 
650 7 |a LETRAS DE CAMBIOS  |2 CL-VaPUC  |9 352920 
650 7 |a PAGARE  |2 CL-VaPUC  |9 257957 
650 7 |a BONOS  |2 CL-VaPUC  |9 254913 
650 7 |a RENTABILIDAD  |2 CL-VaPUC  |9 351669 
583 |a last modification  |c 19990611 00:00:00  |k Rodrigo Vera 
490 0 |a Biblioteca IESE de Gestión de Empresas 
999 |c 281536  |d 281534 
952 |0 0  |1 0  |4 0  |6 332_600000000000000_MAR_1997  |7 0  |8 A  |9 322316  |a BIBENE  |b BIBENE  |d 2019-11-20  |i 3521958  |o 332.6 MAR 1997  |p 3521958  |r 2025-01-15  |w 2019-11-20  |y BK  |k ICO 
952 |0 0  |1 0  |4 0  |6 332_600000000000000_MAR_1997  |7 0  |8 A  |9 322317  |a BIBENE  |b BIBENE  |d 2019-11-20  |i 3521966  |o 332.6 MAR 1997  |p 3521966  |r 2025-01-15  |w 2019-11-20  |y BK  |k ICO 
952 |0 0  |1 0  |4 0  |6 332_600000000000000_MAR_1997  |7 0  |8 A  |9 322318  |a BIBENE  |b BIBENE  |d 2019-11-20  |i 3521974  |o 332.6 MAR 1997  |p 3521974  |r 2025-01-15  |w 2019-11-20  |y BK  |k ICO